[Event "FRA-ch Youth U20 2018"]
[Site "Agen"]
[Date "2018.04.15"]
[Round "1"]
[White "Philippe, Guillaume"]
[Black "Pillard, Valentin"]
[Result "1-0"]
[WhiteElo "2372"]
[BlackElo "1933"]
[Annotator "TA"]
[PlyCount "73"]
[EventDate "2018.??.??"]
[EventType "swiss"]
[EventCountry "FRA"]
[SourceTitle "playchess.com"]
[Source "ChessBase"]
[SourceQuality "1"]

{[%evp 11,73,33,56,34,25,37,79,-9,17,17,19,22,54,22,31,20,28,13,25,16,12,16,10,3,4,7,112,107,195,193,179,158,175,169,173,173,172,177,164,149,159,159,150,156,293,282,372,363,374,362,396,373,469,473,477,437,544,535,651,659,843,831,814,762]} 1. e4 c5 2. Nf3 g6 3. c3 {[%cal Bc2c3,Bc3c4][%mdl 32]} Nf6 4. e5 Nd5 5. d4 cxd4 6. Qxd4 {B27: Sicilian: 2 Nf3, unusual Black 2nd moves} e6 {LiveBook: 3 Games} (6... Nc7 7. Na3 Nc6 8. Qh4 d6 9. exd6 Qxd6 10. Be2 Bg7 11. Bh6 Bf6 12. Bg5 Bxg5 13. Nxg5 {½-½ (56) Howell,D (2676)-Iturrizaga Bonelli,E (2665) London 2017}) 7. c4 Nc6 8. Qe4 {White has an edge.} f5 {[#]} 9. exf6 (9. Qe2 $1 $16 Nc7 10. Nc3) 9... Nxf6 $11 10. Qh4 Bg7 11. Be2 $146 ({Predecessor:} 11. Bh6 Bxh6 12. Qxh6 Qb6 13. Qd2 Ne4 14. Qc2 d5 15. a3 {0-1 (30) Fernandez Siles,L (2341)-Garcia Gata,J (2090) El Sauzal 2010}) 11... Qa5+ 12. Bd2 Qh5 13. Qxh5 Nxh5 14. Nc3 O-O 15. O-O {[%cal Bh1f1,Bf1d1,Bd1d7][%mdl 32]} Nf4 16. Bxf4 Rxf4 17. Rac1 b6 18. Rfd1 Ba6 (18... Nd4 $11 {keeps the balance.}) 19. Rxd7 $16 Bxc4 {[#]} (19... Rff8 $16) 20. b3 $1 $18 Ne5 {[#]} 21. Rxg7+ $1 {[%mdl 512]} Kxg7 22. bxc4 ({Not} 22. Nxe5 Bxe2 23. Nxe2 Re4 $11) 22... Nxf3+ 23. Bxf3 Rd8 24. Be2 Rd2 25. Kf1 Rfd4 26. Ke1 Rb2 27. Rd1 Rh4 (27... e5 $16 {might work better.} 28. a3 Kf6) 28. h3 Rc2 29. Rd3 Rf4 30. Kd1 Rb2 31. Rd7+ Kh6 32. f3 {White is clearly winning.} a5 33. Kc1 Rb4 34. Kc2 a4 35. Ra7 Rf5 36. a3 Rb3 37. Rxa4 {Precision: White = 75%, Black = 30%.} 1-0

[Event "FRA-ch Youth U20 2018"]
[Site "Agen"]
[Date "2018.04.15"]
[Round "1"]
[White "Pigeat, Alexandre"]
[Black "Budak, Rezan"]
[Result "1-0"]
[WhiteElo "2275"]
[BlackElo "1890"]
[Annotator "TA"]
[PlyCount "95"]
[EventDate "2018.??.??"]
[EventType "swiss"]
[EventCountry "FRA"]
[SourceTitle "playchess.com"]
[Source "ChessBase"]
[SourceQuality "1"]

{[%evp 10,95,-34,-82,-28,-31,-37,-32,-35,-52,-11,-2,-3,-11,-18,-10,145,151,147,28,28,24,29,20,20,0,74,0,6,-2,17,19,16,6,6,6,8,8,8,8,8,8,12,12,15,16,79,75,138,138,122,114,138,133,122,101,94,89,89,81,86,83,112,73,70,76,120,35,82,72,142,142,174,111,157,151,186,187,305,305,772,618,1063,884,1874,1659,697,610]} 1. d4 d5 2. c4 dxc4 3. Nc3 Nf6 4. Nf3 a6 5. a4 Nc6 6. d5 {LiveBook: 3 Games. D24: Queen's Gambit Accepted: 3 Nf3 Nf6 4 Nc3} (6. e4 Bg4 7. Be3 Bxf3 8. gxf3 e5 9. dxe5 Nxe5 10. f4 Nd3+ 11. Bxd3 cxd3 12. Qb3 Be7 13. O-O-O O-O 14. Rhg1 b5 15. e5 Nd7 16. Rxd3 Qc8 {0-1 (30) Ivanchuk,V (2710)-Dominguez Perez,L (2732) Huaian 2016}) 6... Nb4 $146 ({Better is} 6... Na5 $1 $17 7. e4 e6) ({Predecessor:} 6... Na5 7. e4 e6 8. Bg5 Be7 9. Bxf6 Bxf6 10. Be2 exd5 11. e5 Be7 12. Qxd5 Be6 13. Qe4 Bb4 {½-½ (31) Abhishek,K (2381)-Torre,E (2481) Ho Chi Minh City 2017}) 7. e4 $11 e6 {[%cal Re6d5]} 8. Bxc4 {Black is slightly better.} exd5 9. exd5 Bf5 10. O-O Be7 11. Bg5 O-O 12. Rc1 Nfxd5 $2 (12... Re8 $11) 13. Nxd5 $16 (13. Bxd5 Bxg5 14. Nxg5 Qxg5 $15) 13... Nxd5 14. Bxd5 (14. Qxd5 $16 Bxg5 15. Qxf5 Bxc1 16. Rxc1) 14... Bxg5 $11 15. Nxg5 Qxg5 16. Rxc7 Rad8 {Hoping for ...Be6.} 17. Qb3 {[%cal Rc7f7]} Qg6 (17... Bd3 $1 $11 18. Qxd3 (18. Bxf7+ Kh8 $11) 18... Rxd5) 18. Bf3 ({Don't blunder} 18. Rxb7 $2 Rxd5 $1 {[%mdl 512]} 19. Rb8 (19. Qxd5 $2 {is the wrong capture.} Be4 $19) 19... Rdd8 $19) ({White should try} 18. Re1 $16) 18... b5 19. Rc6 Rd6 20. axb5 axb5 21. Qxb5 Bd3 22. Rxd6 Qxd6 23. Rd1 $36 {[%mdl 2048] White has the initiative.} Qxh2+ $1 24. Kxh2 Bxb5 {[%mdl 4096] Endgame KRB-KRB} 25. Rd4 g6 26. Rb4 Bd3 27. Rb7 Re8 (27... Rd8 $11 {remains equal.}) 28. Bd5 $16 Re2 (28... Rd8 $142 29. Bxf7+ Kg7) 29. Rxf7 Kh8 30. b3 Re5 {White must now prevent ...Rh5+.} 31. Rd7 Bb5 32. Rd6 g5 33. f3 Kg7 34. Be4 h5 35. Kg3 Kf8 36. Rb6 Ke7 37. Kf2 Bd7 38. Bd3 (38. b4 $16) 38... Kd8 39. g3 Kc7 {[#]} ({Black should play} 39... Ra5) 40. Rh6 $1 Be8 {[#]} 41. f4 (41. b4 $1 $18) 41... Rd5 42. Bc4 Rf5 43. Rh8 Bg6 (43... Kd7 $142 44. Bd3 Rd5) 44. Bd3 $18 Rf6 $2 (44... gxf4 45. Bxf5 fxg3+ 46. Kxg3 Bxf5 47. Rxh5 Bd3) 45. Rh6 {White is clearly winning.} gxf4 46. Rxg6 fxg3+ 47. Kxg3 Rf8 48. Bc4 {Precision: White = 46%, Black = 32%.} 1-0

[Event "FRA-ch Youth U20 2018"]
[Site "Agen"]
[Date "2018.04.15"]
[Round "1"]
[White "Aubert, Laurane"]
[Black "Bartels, Karina"]
[Result "1-0"]
[WhiteElo "1952"]
[BlackElo "1702"]
[Annotator "NA RC"]
[PlyCount "67"]
[EventDate "2018.??.??"]
[EventType "swiss"]
[EventCountry "FRA"]
[SourceTitle "playchess.com"]
[Source "ChessBase"]
[SourceQuality "1"]
[TimeControl "5400+30"]

1. e4 {[%emt 0:00:00]} c5 {[%emt 0:00:05]} 2. Nc3 {[%emt 0:00:00]} a6 {[%emt 0:00:19]} 3. g3 {[%emt 0:00:47]} b5 {[%emt 0:00:06]} 4. Bg2 {[%emt 0:00:06]} Bb7 {[%emt 0:00:16]} 5. a4 {[%emt 0:01:04]} b4 {[%emt 0:02:15]} 6. Nd5 {[%emt 0:00:08]} e6 {[%emt 0:01:36]} 7. Ne3 {[%emt 0:00:09]} Nf6 {[%emt 0:15:47]} 8. d3 {[%emt 0:00:25]} d6 {[%emt 0:00:36]} 9. Ne2 {[%emt 0:06:14]} Nc6 {[%emt 0:04:34]} 10. O-O {[%emt 0:02:22]} Be7 $11 {[%emt 0:01:53]} 11. Nf4 {[%emt 0:09:52]} O-O {[%emt 0:02:02]} 12. Nc4 {[%emt 0:09:37]} d5 {[%emt 0:11:11]} 13. exd5 {[%emt 0:00:52]} exd5 {[%emt 0:01:17]} 14. Ne3 {[%emt 0:01:04]} Na5 {[%emt 0:20:47]} 15. Re1 {[%emt 0:08:33]} Re8 {[%emt 0:00:46]} 16. d4 {[%emt 0:18:27]} c4 {[%emt 0:02:29]} 17. Bd2 {[%emt 0:06:00]} Bf8 {[%emt 0:08:09]} 18. Qf3 {[%emt 0:09:43]} Ne4 {[%emt 0:04:48]} 19. Rad1 {[%emt 0:02:58]} Nc6 {[%emt 0:11:11]} 20. Bc1 {[%emt 0:01:00]} Nf6 {[%emt 0:06:15]} 21. Nfxd5 {[%emt 0:02:49]} Nxd5 {[%emt 0:00:18]} 22. Qxd5 {[%emt 0:00:24]} Na5 {[%emt 0:02:51]} 23. Qxd8 {[%emt 0:04:33]} Raxd8 {[%emt 0:00:05]} 24. Bxb7 {[%emt 0:00:19]} Nxb7 {[%emt 0:00:07]} 25. Nxc4 {[%emt 0:02:40]} Rxd4 {[%emt 0:00:47]} 26. b3 {[%emt 0:02:10]} Rxd1 {[%emt 0:01:39]} 27. Rxd1 {[%emt 0:00:06]} Re2 {[%emt 0:00:08]} 28. Ne3 {[%emt 0:00:39]} Bc5 {[%emt 0:00:49]} 29. Kf1 {[%emt 0:00:20]} Bxe3 {[%emt 0:01:00]} 30. Kxe2 {[%emt 0:00:09]} Bb6 {[%emt 0:00:12]} 31. Be3 {[%emt 0:00:45]} Bxe3 {[%emt 0:00:58]} 32. Kxe3 {[%emt 0:00:09]} Kf8 {[%emt 0:00:16]} 33. Rd4 {[%emt 0:01:48]} a5 {[%emt 0:00:25]} 34. Rd7 {[%emt 0:00:17]} 1-0

[Event "FRA-ch Youth U20 2018"]
[Site "Agen"]
[Date "2018.04.15"]
[Round "1"]
[White "Perche, Louis"]
[Black "Barseghyan, Harutyun"]
[Result "0-1"]
[WhiteElo "1950"]
[BlackElo "2464"]
[Annotator "TA"]
[PlyCount "76"]
[EventDate "2018.??.??"]
[EventType "swiss"]
[EventCountry "FRA"]
[SourceTitle "playchess.com"]
[Source "ChessBase"]
[SourceQuality "1"]

{[%evp 21,76,38,46,41,54,50,39,45,39,37,52,38,49,49,65,-93,-91,-87,-88,-90,-80,-102,0,-12,-11,-100,-100,-114,-100,-127,-49,-19,-23,-5,0,0,-4,-25,-10,-35,0,-27,14,-129,-120,-160,22,25,31,-15,-8,-15,-8,-7,-8,-8,-8]} 1. e4 c5 2. Nf3 e6 3. d4 cxd4 4. Nxd4 a6 5. c4 Nf6 6. Nc3 Qc7 7. Be2 d6 8. O-O b6 9. f4 {B41: Sicilian: Kan Variation: 5 c4} (9. Be3 Bb7 10. f3 Be7 11. Qd2 O-O 12. Rfc1 Rc8 13. Kh1 Nbd7 14. a4 Rab8 15. b4 Qd8 16. Nb3 Ba8 17. a5 bxa5 18. Nxa5 Rxb4 19. Nb5 axb5 20. Qxb4 bxc4 21. Rxc4 {1-0 (99) Duda,J (2671)-Artemiev,V (2653) Martuni 2016}) 9... Bb7 10. Qc2 Be7 11. Be3 O-O {LiveBook: 3 Games} 12. Rac1 Rc8 $146 ({Find the theoretical novelty and annotate with similar games:} 12... Nc6 13. f5 Nxd4 14. Bxd4 Rac8 15. Qd3 Kh8 16. fxe6 fxe6 17. Qh3 Nxe4 18. Nxe4 Bxe4 19. Qxe6 {1-0 (73) Dragnev,V (2385)-Eggleston,D (2429) Orlova 2015}) 13. g4 {[%cal Bg2g4,Bg4g5][%mdl 32]} Nc6 14. g5 Nxd4 15. Bxd4 Nd7 16. b3 e5 17. fxe5 $1 Bxg5 18. Rcd1 $2 {[#]} (18. exd6 $1 $14 Qxd6 19. Rcd1) 18... dxe5 $17 19. Bf2 Nf6 20. Nd5 Bxd5 21. exd5 e4 (21... Bf4 $17) 22. Bg3 Qd7 23. Rxf6 (23. Qc3 $11) 23... Bxf6 (23... gxf6 $6 24. Qxe4 Re8 25. Qg4 $11) 24. Qxe4 Re8 25. Qg4 Qxg4 (25... Qe7 $17 26. Bf3 Qa3) 26. Bxg4 $15 Be5 27. Bf2 Rab8 28. b4 Red8 29. c5 bxc5 30. bxc5 Rb4 31. Be2 Ra4 32. c6 (32. d6 $1 $11) 32... Rxa2 $17 33. Bb6 Rb8 $2 ({Not} 33... Rxe2 34. Bxd8 Bxh2+ 35. Kh1 $11) ({Black should try} 33... Re8 $17 34. Bd3 Bxh2+ 35. Kh1 Bf4) 34. c7 $11 Rxe2 35. d6 {[%cal Rc7b8,Bd5d6,Bd6d7][%mdl 32]} Rf8 {[#] And now ...Bxd6! would win.The position is equal.} ({But not} 35... Bxh2+ $2 36. Kf1 $18) 36. c8=Q $1 {[%mdl 512]} Rxc8 37. d7 {[%cal Rd7c8]} Bxh2+ ({Of course not} 37... Bd4+ $6 38. Kf1 $16) 38. Kh1 Ree8 $1 {[%mdl 32768] Precision: White = 33%, Black = 48%. . Loss on Time!?} 0-1

[Event "FRA-ch Youth U20 2018"]
[Site "Agen"]
[Date "2018.04.15"]
[Round "1"]
[White "Leriche, Ines"]
[Black "Wojnowski, Natalia"]
[Result "1-0"]
[WhiteElo "1913"]
[BlackElo "1426"]
[Annotator "NA RC"]
[PlyCount "53"]
[EventDate "2018.??.??"]
[EventType "swiss"]
[EventCountry "FRA"]
[SourceTitle "playchess.com"]
[Source "ChessBase"]
[SourceQuality "1"]
[TimeControl "5400+30"]

1. d4 {[%emt 0:00:00]} Nf6 {[%emt 0:00:34]} 2. c4 {[%emt 0:00:00]} g6 {[%emt 0:00:25]} 3. Nc3 {[%emt 0:00:10]} Bg7 {[%emt 0:00:24]} 4. e4 {[%emt 0:00:29]} d6 {[%emt 0:00:14]} 5. Nf3 {[%emt 0:02:03]} O-O {[%emt 0:01:46]} 6. h3 {[%emt 0:00:29]} e5 {[%emt 0:01:36]} 7. d5 {[%emt 0:00:43]} a5 {[%emt 0:04:56]} 8. Bg5 {[%emt 0:00:21]} Na6 {[%emt 0:00:44]} 9. Be2 {[%emt 0:00:35]} Qe8 {[%emt 0:03:05]} 10. Nd2 {[%emt 0:03:31]} h6 {[%emt 0:08:30] LiveBook: 13 Games} 11. Be3 {[%emt 0:00:21]} Nh7 {[%emt 0:00:54]} 12. g4 {[%emt 0:21:26]} f5 {[%emt 0:04:47]} 13. gxf5 {[%emt 0:04:23]} gxf5 {[%emt 0:00:55]} 14. exf5 {[%emt 0:01:46]} Bxf5 {[%emt 0:00:40]} 15. Rg1 {[%emt 0:01:45]} Kh8 {[%emt 0:00:44]} 16. Bh5 {[%emt 0:32:29]} Qe7 {[%emt 0:06:22]} 17. Bg6 {[%emt 0:01:22]} Nb4 {[%emt 0:09:26]} 18. Bxf5 {[%emt 0:02:54]} Rxf5 {[%emt 0:00:11]} 19. Nde4 {[%emt 0:01:50]} Raf8 $16 {[%emt 0:04:01]} 20. Qd2 {[%emt 0:03:21]} Qh4 {[%emt 0:01:05]} 21. a3 {[%emt 0:03:31]} Na6 {[%emt 0:01:36]} 22. O-O-O {[%emt 0:01:19]} Rf3 {[%emt 0:02:56]} 23. Rg4 {[%emt 0:02:51]} Qxh3 {[%emt 0:04:52]} 24. Rdg1 {[%emt 0:00:32]} R3f7 {[%emt 0:00:27]} 25. R4g3 {[%emt 0:02:49]} Qh4 {[%emt 0:02:07]} 26. Rg6 {[%emt 0:04:18]} h5 {[%emt 0:02:47]} 27. Qd1 {[%emt 0:01:27]} 1-0

[Event "FRA-ch Youth U20 2018"]
[Site "Agen"]
[Date "2018.04.15"]
[Round "1"]
[White "Berthaut, Alexandre"]
[Black "Meunier, Clement"]
[Result "0-1"]
[WhiteElo "1910"]
[BlackElo "2370"]
[Annotator "TA"]
[PlyCount "64"]
[EventDate "2018.??.??"]
[EventType "swiss"]
[EventCountry "FRA"]
[SourceTitle "playchess.com"]
[Source "ChessBase"]
[SourceQuality "1"]

{[%evp 16,64,36,18,47,0,27,29,58,67,57,23,58,7,12,0,0,0,0,0,0,0,0,0,0,0,0,0,0,0,0,-69,-64,-72,-72,-81,-75,-78,-75,-357,-355,-406,-404,-483,-456,-829,-818,-1037,-1000,-895,-879]} 1. e4 e6 2. d4 d5 3. exd5 exd5 4. Bd3 Nc6 5. c3 Bd6 6. Qf3 Nge7 7. Ne2 O-O {C01: French: Exchange Variation} 8. Bf4 Re8 9. O-O {LiveBook: 3 Games} ({Don't play} 9. Qh5 g6 $15) (9. Nd2 Bf5 10. O-O Bxd3 11. Qxd3 Ng6 12. Bg3 Re6 13. Rfe1 Qe7 14. Bxd6 Qxd6 15. Nf3 {½-½ (31) Zilberman,Y (2388)-Baron,T (2547) Jerusalem 2017}) 9... Ng6 {The position is equal.} 10. Bg3 $146 ({Predecessor:} 10. Bxd6 Qxd6 11. Nd2 Be6 12. Rae1 Qd7 13. Bxg6 hxg6 14. Nf4 Re7 15. Re3 {1-0 (41) Weemaes,R (2342)-Van der Burch,A (2273) Antwerp 2000}) 10... Be6 (10... Bxg3 {seems wilder.} 11. Nxg3 Qg5 12. Bxg6 fxg6 13. Na3 Rf8) 11. Nd2 Qg5 12. Bxd6 cxd6 13. Nb3 Re7 14. Rfe1 (14. Qg3 $14 Qxg3 15. hxg3) 14... Rae8 $11 15. Qg3 Qh6 16. Bxg6 ({Not} 16. Qxd6 $2 Bg4 $19) 16... hxg6 17. Nf4 g5 18. Nxe6 Rxe6 19. f3 a5 20. a4 Qg6 {Threatens to win with ...Qc2.} 21. Rxe6 Rxe6 22. Qf2 $1 Qd3 {Strongly threatening ...Re2.} 23. Re1 ({White should try} 23. Qd2 $1 $11 Qe2 24. Qxe2 Rxe2 25. Rb1) 23... Rxe1+ $15 24. Qxe1 Kf8 $1 25. Qd2 {[#]} Qc4 $1 {[%cal Rc4b3]} 26. Nc1 {With the idea b3.} Qxa4 27. Qxg5 $2 {[%mdl 8192] [#]} (27. h3 $17) 27... Qc2 $1 $19 28. Qe3 {If only White now had time for Nd3....} Qxb2 29. Ne2 a4 {[%cal Ba5a4,Ba4a3][%mdl 32] Black is clearly winning.} 30. Kf1 (30. h4 $142) 30... a3 31. Qc1 Qb3 32. Qa1 Na5 {Precision: White = 29%, Black = 80%.} 0-1

[Event "FRA-ch Youth U20 2018"]
[Site "Agen"]
[Date "2018.04.15"]
[Round "1"]
[White "Terrazzoni, Claire"]
[Black "Haussernot, Cecile"]
[Result "0-1"]
[WhiteElo "1819"]
[BlackElo "2165"]
[Annotator "TA"]
[PlyCount "112"]
[EventDate "2018.??.??"]
[EventType "swiss"]
[EventCountry "FRA"]
[SourceTitle "playchess.com"]
[Source "ChessBase"]
[SourceQuality "1"]

{[%evp 18,112,28,5,17,9,20,14,18,16,6,12,25,0,0,0,138,137,148,150,157,151,122,118,122,80,134,128,143,140,134,77,83,94,106,108,83,73,70,102,93,93,79,0,0,-88,-96,-222,-228,-217,-203,-215,-217,-290,-303,-289,-291,-383,-375,-605,-582,-779,-760,-789,-778,-774,-762,-637,-598,-1055,-1034,-1063,-893,-1576,-1223,-5397,-5250,-5173,-4711,-29979,-5700,-5114,-5114,-5093,-2866,-2285,0,-2240,-2168,-29979,-29980,-29981,-29982,-29982,-29983,-29983,-29984]} 1. e4 c5 2. Nf3 d6 3. d4 cxd4 4. Nxd4 Nf6 5. Nc3 a6 6. g3 e5 7. Nb3 Be7 8. Bg2 O-O 9. O-O Be6 10. h3 {LiveBook: 4 Games. B91: Sicilian Najdorf: 6 g3} (10. Re1 Nbd7 11. Nd2 b5 12. Nf1 Bg4 13. f3 Be6 14. Ne3 Rc8 15. a3 Nb6 16. f4 Re8 17. Kh1 Bf8 {0-1 (42) Naiditsch,A (2701)-Carlsen,M (2843) Karlsruhe/Baden-Baden 2018}) 10... Qd7 11. Kh2 b5 $146 ({Predecessor:} 11... Rd8 12. Be3 Qc6 13. Nd5 Bxd5 14. exd5 Qc7 15. a4 Nbd7 16. a5 Rdc8 17. c3 Re8 {1-0 (48) Pastor Pons,P (2270)-Gomez Jurado,L (2280) San Sebastian 1995}) 12. Be3 {The position is equal.} a5 13. f4 Bc4 14. Rf2 b4 15. Nd5 Nxd5 16. exd5 {Strongly threatening fxe5.} Bf6 (16... exf4 $11 {keeps the balance.} 17. Bxf4 (17. Rxf4 Bxb3 18. axb3 Bg5 $11) 17... Bf6) 17. Nd2 $16 Bb5 18. Ne4 Qe7 19. Nxf6+ Qxf6 20. fxe5 Qxe5 21. Bd4 Qg5 (21... Qe7 $142) 22. Rf4 {Black must now prevent Rg4.} f5 23. Qf3 Nd7 24. h4 ({White should try} 24. Re1) 24... Qg6 25. Bh3 {[%cal Rh3f5]} Ne5 26. Bxe5 $1 dxe5 27. Bxf5 Qd6 28. Be6+ Kh8 29. Rxf8+ Rxf8 30. Qe4 (30. Qe3 $16) 30... Qc5 31. Kh3 (31. Rg1 $11 {remains equal.}) 31... Qf2 $17 32. Qg2 {[#]} (32. h5 $17) 32... Bf1 $1 $19 33. Qxf1 Qxf1+ 34. Rxf1 Rxf1 {[%mdl 4096] Endgame KR-KB} 35. d6 Rd1 36. d7 g6 37. c3 Kg7 38. c4 $2 (38. cxb4 axb4 39. Bg4) 38... Kf6 39. Bg4 Rd2 40. c5 h5 41. Bf3 Rxd7 42. c6 Rd4 43. Be2 Ke7 44. Kg2 Kd6 45. Bb5 Rd5 46. Ba4 Rd2+ 47. Kf3 Rxb2 48. Bb3 {[#]} Kxc6 (48... Rxb3+ $142 $1 49. axb3 a4 50. c7 Kxc7 51. bxa4 b3 52. Ke4 b2 53. Kxe5 b1=Q 54. Kf6 Qd3 55. Ke5 Qxg3+ 56. Kd5 Qxh4 57. a5 Qg5+ 58. Kd4 h4 59. a6 h3 60. a7 Kb7 61. Kc4 h2 62. Kc3 Kxa7 63. Kb3 h1=Q 64. Kc3 Qc5+ 65. Kd2 Qh2+ 66. Ke1 Qcg1#) 49. Bf7 Kc5 50. Ke4 Re2+ 51. Kf3 Rb2 52. Ke4 Kd6 53. Bc4 a4 {[%cal Ba5a4,Ba4a3,Ba3a2][%mdl 32] Black mates.} 54. Bf7 b3 55. axb3 a3 56. b4 a2 {Precision: White = 37%, Black = 72%.} 0-1

[Event "FRA-ch Youth U20 2018"]
[Site "Agen"]
[Date "2018.04.15"]
[Round "1"]
[White "Aouachria, Marwa"]
[Black "Retailleau, Elise"]
[Result "1-0"]
[WhiteElo "1687"]
[BlackElo "1932"]
[Annotator "NA RC"]
[PlyCount "113"]
[EventDate "2018.??.??"]
[EventType "swiss"]
[EventCountry "FRA"]
[SourceTitle "playchess.com"]
[Source "ChessBase"]
[SourceQuality "1"]
[TimeControl "5400+30"]

1. e4 {[%emt 0:00:00]} c5 {[%emt 0:00:19]} 2. Nf3 {[%emt 0:00:00]} Nc6 {[%emt 0:00:14]} 3. d4 {[%emt 0:00:00]} cxd4 {[%emt 0:00:25]} 4. Nxd4 {[%emt 0:00:00]} e5 {[%emt 0:00:17]} 5. Nb5 {[%emt 0:00:11]} d6 {[%emt 0:00:28]} 6. N1c3 {[%emt 0:00:38]} a6 {[%emt 0:00:43]} 7. Na3 {[%emt 0:00:06]} b5 {[%emt 0:00:26]} 8. Nd5 {[%emt 0:01:42]} Nge7 {[%emt 0:00:30]} 9. Bg5 {[%emt 0:06:52]} h6 {[%emt 0:03:05]} 10. Bxe7 {[%emt 0:03:22]} Bxe7 {[%emt 0:02:14] B32: Sicilian: Löwenthal and Kalashnikov Variations} (10... Nxe7 11. c3 Nxd5 12. exd5 Be7 13. Nc2 Bd7 14. Be2 O-O 15. O-O Qb6 16. Kh1 Bg5 17. Nb4 a5 18. Nc6 Bxc6 19. dxc6 Qxc6 {½-½ (30) Khodashenas,M (2404)-Gholami,A (2473) Baghdad 2018}) 11. c3 {[%emt 0:00:36]} O-O {[%emt 0:02:11]} 12. Nc2 {[%emt 0:05:37]} f5 {[%emt 0:06:18]} 13. Nde3 $146 {[%emt 0:07:36]} ({Predecessor:} 13. exf5 Bxf5 14. Nce3 Be6 15. Bd3 Bg5 16. Be4 Bxe3 17. Nxe3 Qh4 18. Qc2 {½-½ (55) Bednay,B (2253)-Horvath,G (2283) Hungary 2005}) 13... Kh8 {[%emt 0:13:47]} 14. exf5 {[%emt 0:03:56]} Bh4 {[%emt 0:15:30]} 15. g3 {[%emt 0:10:42]} Bg5 {[%emt 0:04:50]} 16. Bg2 {[%emt 0:00:28]} Bb7 {[%emt 0:04:36]} 17. h4 {[%emt 0:14:09]} Be7 {[%emt 0:07:07]} 18. Qh5 {[%emt 0:11:57]} Qd7 {[%emt 0:10:37]} 19. g4 {[%emt 0:08:48]} Na5 {[%emt 0:04:06]} 20. g5 {[%emt 0:06:01]} Bxg2 {[%emt 0:02:31]} 21. gxh6 {[%emt 0:01:00]} g6 {[%emt 0:01:18]} 22. fxg6 {[%emt 0:01:17]} Bf3 {[%emt 0:02:06]} 23. g7+ {[%emt 0:02:16]} Kh7 {[%emt 0:00:46]} 24. g8=Q+ {[%emt 0:02:38]} Rxg8 {[%emt 0:00:23]} 25. Qxf3 {[%emt 0:01:01]} Raf8 {[%emt 0:05:20]} 26. Qe4+ {[%emt 0:01:29]} Kh8 {[%emt 0:00:38]} 27. O-O-O {[%emt 0:02:26]} Qe6 {[%emt 0:01:29]} 28. Nd5 {[%emt 0:06:54]} Rxf2 {[%emt 0:02:45]} 29. Rdg1 {[%emt 0:01:17]} Qxh6+ {[%emt 0:04:58]} 30. Qe3 {[%emt 0:01:25]} Qxe3+ {[%emt 0:01:49]} 31. Ncxe3 {[%emt 0:00:02]} Rxg1+ {[%emt 0:01:50]} 32. Rxg1 {[%emt 0:00:02]} Bf8 {[%emt 0:00:33]} 33. Ng4 {[%emt 0:00:46]} Re2 {[%emt 0:01:52]} 34. Rf1 {[%emt 0:00:52]} Bg7 {[%emt 0:00:37]} 35. Rf2 {[%emt 0:00:40]} Rxf2 {[%emt 0:00:48]} 36. Nxf2 {[%emt 0:00:03]} Kh7 {[%emt 0:00:11]} 37. Ne4 {[%emt 0:00:17]} Bf8 {[%emt 0:00:39]} 38. Nc7 {[%emt 0:01:09]} Kg6 {[%emt 0:00:33]} 39. Nxa6 {[%emt 0:00:40]} d5 {[%emt 0:00:33]} 40. Nf2 {[%emt 0:00:22]} Bd6 {[%emt 0:00:17]} 41. Kc2 {[%emt 0:00:41]} Kh5 {[%emt 0:00:23]} 42. Nd3 {[%emt 0:00:15]} e4 {[%emt 0:00:20]} 43. Ndb4 {[%emt 0:00:16]} Kxh4 {[%emt 0:01:04]} 44. Nxd5 {[%emt 0:00:06]} Kg3 {[%emt 0:00:16]} 45. b3 {[%emt 0:00:29]} Kf2 {[%emt 0:00:12]} 46. Kd2 {[%emt 0:00:15]} Bf8 {[%emt 0:00:32]} 47. Nac7 {[%emt 0:00:37]} b4 {[%emt 0:00:20]} 48. cxb4 {[%emt 0:00:24]} Nc6 {[%emt 0:01:02]} 49. b5 {[%emt 0:00:24]} Bh6+ {[%emt 0:00:40]} 50. Kd1 {[%emt 0:00:34]} Nb8 {[%emt 0:00:17]} 51. a4 {[%emt 0:01:10]} e3 {[%emt 0:00:31]} 52. Nc3 {[%emt 0:00:20]} Bg7 {[%emt 0:00:31]} 53. Ne2 {[%emt 0:00:11]} Be5 {[%emt 0:00:27]} 54. Nd5 $18 {[%emt 0:00:35]} Nd7 {[%emt 0:00:42]} 55. b4 {[%emt 0:00:27]} Kf3 {[%emt 0:00:16]} 56. a5 {[%emt 0:00:26]} Ke4 {[%emt 0:00:31]} 57. Ne7 {[%emt 0:00:46]} 1-0

[Event "FRA-ch Youth U20 2018"]
[Site "Agen"]
[Date "2018.04.16"]
[Round "2"]
[White "Barseghyan, Harutyun"]
[Black "Grezels, Florian"]
[Result "1-0"]
[WhiteElo "2464"]
[BlackElo "2181"]
[Annotator "TA"]
[PlyCount "65"]
[EventDate "2018.??.??"]
[EventType "swiss"]
[EventCountry "FRA"]
[SourceTitle "playchess.com"]
[Source "ChessBase"]
[SourceQuality "1"]

{[%evp 14,65,44,28,97,90,112,91,104,39,44,33,62,62,64,63,80,54,59,64,89,83,91,71,125,109,138,137,122,118,129,146,119,130,312,317,575,575,554,535,929,910,877,821,1352,1310,1227,1051,1954,1901,12837,2829,29988,29989]} 1. d4 Nf6 2. Nf3 c5 3. d5 e6 4. Nc3 exd5 5. Nxd5 Nxd5 6. Qxd5 Be7 7. e4 {A43: Schmid Benoni} O-O (7... Nc6 8. Bc4 O-O 9. O-O d6 10. c3 Na5 11. Be2 Be6 12. Qh5 f6 13. Nh4 g6 14. Nxg6 hxg6 15. Qxg6+ Kh8 16. Qh6+ Kg8 17. Bh5 Rf7 18. Bxf7+ Bxf7 19. Rd1 Qf8 20. Qh3 Bg6 21. Bh6 Qc8 22. Qg3 Kf7 23. Re1 Qc6 24. Qd3 b5 {½-½ (24) Markos,J (2559)-Nagy,G (2470) Slovakia 2017}) 8. Bc4 {LiveBook: 54 Games} b5 (8... d6 $11) 9. Qxa8 $16 {White is better.} Nc6 10. Bd5 ({Don't blunder} 10. Bxb5 $2 Qa5+ 11. Bd2 Qxb5 $19) 10... Qb6 {[#]} 11. O-O $146 (11. Bxc6 $1 $16 dxc6 12. Ne5) ({Predecessor:} 11. Bf4 Bb7 12. Qxf8+ Bxf8 13. O-O-O Nb4 14. Kb1 Bxd5 15. exd5 {0-1 (29) Goldwaser,C (2396)-Oddone,C (2246) Buenos Aires 2008}) 11... Bb7 $14 12. Qxf8+ $1 Kxf8 13. c3 d6 14. Bf4 $36 {[%mdl 2048] White has some pressure.} f6 15. Rad1 Ne5 16. Nxe5 dxe5 17. Be3 Bxd5 18. Rxd5 Qc6 (18... b4 $142) 19. Rfd1 Kf7 20. Rd7 Ke6 21. Rxa7 Qxe4 22. h3 Qc6 23. a4 f5 $2 {[#]} (23... bxa4 $16 24. Ra1 Bf8) 24. a5 $1 $18 Bh4 $2 (24... Bd6 {keeps fighting.} 25. Rxg7 f4) 25. b4 cxb4 26. cxb4 f4 27. Bc5 Qe4 28. Rxg7 {White threatens Rd6+ and mate.} Kf6 29. Rg8 Qe2 30. Rf1 Ke6 31. a6 {[%cal Ba5a6,Ba6a7][%mdl 32]} f3 32. g3 (32. a7 $142 Qa2 33. a8=Q Qxa8 34. Rxa8) 32... Kf7 {[#]} 33. a7 $1 {[%mdl 512] Precision: White = 86%, Black = 27%.} 1-0